| 000 | 00389nam a2200145Ia 4500 | ||
|---|---|---|---|
| 008 | 230917s9999||||xx |||||||||||||| ||und|| | ||
| 040 |
_e236818 _aMAIN |
||
| 041 | _aEnglish | ||
| 082 | _a595.7 N143I | ||
| 100 | _aNair, M R G K | ||
| 245 | 0 | _aInsects and mites of crops in India | |
| 260 |
_aNew Delhi _bIndian Council of Agricultural Research _c1975 |
||
| 300 | _av, 408 p. | ||
| 942 | _cBK | ||
| 999 |
_c59556 _d59556 |
||